Principles of management : a decision-making approach /

Part one: an introduction to management Part two: the decision maker's task Part three: implementation decision, Part four: the focus of decisions, Part five: evolving topic in management.

Saved in:
Bibliographic Details
Main Author: Ford, Robert C. (Robert Clayton), 1945-
Other Authors: Heaton, Cherrill P. (joint author.)
Format: Book
Language:English
Published: Reston, Va. : Reston Pub. Co., c1980.
Subjects:
Tags: Add Tag
No Tags, Be the first to tag this record!

MARC

LEADER 00000cam a2200000 i 4500
001 2754800
003 MU
005 20260703064213.0
008 791116s1980 vaua b 001 0 eng
010 |a  79025127  
020 |a 0835955931 
020 |a 9780835955935 
035 |a 2754800 
040 |a DLC  |c DLC  |d DLC 
050 0 0 |a HD30.23  |b .F67 
082 0 0 |a 658.4  |2 19 
100 1 |a Ford, Robert C.  |q (Robert Clayton),  |d 1945- 
245 1 0 |a Principles of management :  |b a decision-making approach /  |c Robert C. Ford, Cherrill P. Heaton. 
260 |a Reston, Va. :  |b Reston Pub. Co.,  |c c1980. 
300 |a xiii, 481 p. :  |b ill. ;  |c 24 cm. 
336 |a text  |b txt  |2 rdacontent 
337 |a unmediated  |b n  |2 rdamedia 
338 |a volume  |b nc  |2 rdacarrier 
504 |a Includes bibliographical references and indexes. 
505 |r Robert C. Ford and Chirrill P. Heaton 
520 |a Part one: an introduction to management Part two: the decision maker's task Part three: implementation decision, Part four: the focus of decisions, Part five: evolving topic in management. 
650 0 |a Decision making. 
700 1 |a Heaton, Cherrill P.,  |e joint author. 
906 |a 7  |b cbc  |c orignew  |d 1  |e ocip  |f 19  |g y-gencatlg 
942 |2 ddc  |c BK  |n 0 
999 |c 12792  |d 12792